ბათუმის შოთა რუსთაველის სახელმწიფო უნივერსიტეტის ბიბლიოთეკა

ინტერვენციაც, ოკუპაციაც, ძალდატანებითი გასაბჭოებაც, ფაქტობრივი ანექსიაც : (ბიბ.ჩანაწერი № 56176)

000 -ლიდერი
ფიქსირებული სიგრძის საკონტროლო ველი 01800nam a2200265Ia 4500
001 - საკონტროლო ნომერი
საკონტროლო ველი 23277
003 - საკონტროლო ნომრის იდენტიფიკატორი
საკონტროლო ველი GE_BSU
005 - ბოლო ოპერაციის თარიღი და დრო
საკონტროლო ველი 20251113212111.0
008 - ფიქსირებული სიგრძის მონაცემთა ელემენტები - ზოგადი ინფორმაცია
ფიქსირებული სიგრძის საკონტროლო ველი 181216s1991||||ge |||||||||||||| ||geo||
040 ## - კატალოგიზაციის წყარო
Transcribing agency GE_BSU
041 ## - ენის კოდი
Language code of text/sound track or separate title geo
080 ## - უნივერსალური ათობითი კლასიფიკაციის ინდექსი
Universal Decimal Classification number 94(479.22)"1921.02 თ-69
100 ## - მთავარი ჩანაწერი - პიროვნების სახელი
Personal name თოიძე, ლევან
9 (RLIN) 1561
245 ## - ცნობა სათაურის შესახებ
Title ინტერვენციაც, ოკუპაციაც, ძალდატანებითი გასაბჭოებაც, ფაქტობრივი ანექსიაც :
Remainder of title რუსეთ-საქართველოს 1921 წლის თებერვალ-მარტის ომის შეფასებისათვის /
Statement of responsibility, etc ლევან თოიძე ; რედ. კ. ცქიტიშვილი ; მხატვ. რ. მაჭარაშვილი.
264 ## - წარმოების, გამოცემის, დისტრიბუციის და სხვა ცნობები
გამოცემის, წარმოების, დისტრიბუციის... ადგილი თბილისი :
გამოცემის, წარმოების, დისტრიბუციის... სახელწოდება ივერთა მხარე,
გამოცემის, წარმოების, დისტრიბუციის... თარიღი 1991.
300 ## - ფიზიკური აღწერა
Extent 336 გვ. ;
Dimensions 20 სმ.
500 ## - ზოგადი შენიშვნა
General note თავფურცელზე : ავტორის მინაწერი
504 ## - BIBLIOGRAPHY, ETC. NOTE
Bibliography, etc ბიბლიოგრაფია ტექსტის შენიშვნებში
653 ## - INDEX TERM--UNCONTROLLED
Uncontrolled term ინტერვენციაც, ოკუპაციაც, ძალდატანებითი გასაბჭოებაც, ფაქტობრივი ანექსიაც
653 ## - INDEX TERM--UNCONTROLLED
Uncontrolled term რუსეთ-საქართველოს 1921 წლის თებერვალ-მარტის ომის შეფასებისათვის
700 ## - ADDED ENTRY--PERSONAL NAME
Personal name ცქიტიშვილი, კ.
Relator term რედაქტორი
9 (RLIN) 4511
700 ## - ADDED ENTRY--PERSONAL NAME
Personal name მაჭარაშვილი, რ.
Relator term მხატვარი
9 (RLIN) 14885
942 ## - ADDED ENTRY ELEMENTS (KOHA)
Koha item type წიგნი
Source of classification or shelving scheme
ეგზემპლარები
ჩამოწერის სტატუსი დაკარგული ეგზემპლარის სტატუსი კლასიფიკაციის წყარო ან თაროზე გაწყობის სქემა დაზიანების სტატუსი არ გაიცემა მუდმივი მდებარეობა (დაცვის ადგილი) ამჟამინდელი ადგილსამყოფელი თაროზე განთავსების ადგილი შეძენის თარიღი ღირებულება, შესყიდვის ნორმალური ფასი სრული შენახვის შიფრი შტრიხკოდი ბოლო ოპერაციის თარიღი ეგზემპლარის მიმდევრობითი ნომერი (კეტერი?) ფასის ძალაში შესვლის თარიღი ეგზემპლარის სახეობა საჯარო შენიშვნა
          ბათუმის შოთა რუსთაველის სახელმწიფო უნივერსიტეტის მთავარი ბიბლიოთეკა ბათუმის შოთა რუსთაველის სახელმწიფო უნივერსიტეტის მთავარი ბიბლიოთეკა წიგნსაცავი 2018-12-17 16.00 94(479.22) 28240 2018-12-17 28240 2018-12-17 წიგნი 16.00 ₾.